000 00687nam a2200217Ia 4500
003 GCL
008 140319s9999 xx 000 0 ara d
040 _aGCL /
_cGCL
082 0 4 _aق
_b309.162
_bا خ
100 1 _aاحمد زايد
245 1 0 _aخطاب الحياة اليومية فى المجتمع المصرى /
_cاحمد زايد
260 _a[S.N] :
_bالقراءة للجميع للنشر والتوزيع ،
_c1992
300 _a209 ص
490 _a
650 0 4 _aمصر
650 0 4 _aالتعبير الاجتماعى
650 0 4 _aالمجتمع المصرى
650 0 4 _aالمشكلات الاجتماعية
650 0 4 _aالابحاث
942 _2ddc
_cBK
999 _c37223
_d37223